000 00445nam a22001817a 4500
003 MPLRDC
005 20220104183943.0
008 210129b ||||| |||| 00| 0 eng d
020 _a957-638-035-9
082 _a413.1 WDW
100 _a不详
245 _a中医基本理论
_c
250 _a初版一刷
260 _a台湾
_b南天书局有限公司
_c1987
300 _b
650 _a医经: 中医理论
942 _cBK
_o413.1 WDW
999 _c62639
_d62629